| 000 | 00822 a2200205 4500 | ||
|---|---|---|---|
| 008 | 080821t xxu||||| |||| 00| 0 eng d | ||
| 010 | _aENG-85010 | ||
| 020 |
_a818333153X _c270.00 |
||
| 035 | _aEN-68543 | ||
| 037 | _bD.B.Act / Pub | ||
| 082 | _a005.3 | ||
| 100 | _aRubin, Joseph, | ||
| 245 |
_aFinancial statements.xls : _ba step-by-step guide to creating financial statements using Microsoft Excel / _c[Joseph Rubin]. |
||
| 260 |
_aNew Delhi _bBPB Publications _c2006 |
||
| 300 |
_axxii, 314 p. : _bill. ; _c24 cm. (Pbk) _eCD-ROM |
||
| 500 | _aIncludes index. | ||
| 650 | _aFinancial statements. | ||
| 942 |
_adpl _cEN _k005.3 / ROB _2ddc _h005.3 _mROB |
||
| 999 |
_c886 _d886 |
||